000
00223 a2200097 4500
020
_a
9789369896875
100
_a
Chetan Bhagat
245
_a
12 Years: my messes-up love story
260
_b
Harper Collins
_c
2025
942
_c
OO
999
_c
115585
_d
115584